BookTok Books - Statistics

General Stats
  • This quiz has been taken 734 times
  • The average score is 8 of 15
Answer Stats
Hint Answer % Correct
Throne of Glass Sarah J. Maas
82%
Verity Colleen Hoover
81%
Twisted Lies Ana Huang
76%
The Cruel Prince Holly Black
72%
The Love Hypothesis Ali Hazelwood
67%
Beach Read Emily Henry
65%
Shatter Me Tahereh Mafi
60%
The Seven Husbands of Evelyn Hugo Taylor Jenkins Reid
53%
The Summer I Turned Pretty Jenny Han
50%
The Unhoneymooners Christina Lauren
43%
Red Queen Victoria Aveyard
35%
The Selection Kiera Cass
34%
Red, White, and Royal Blue Casey McQuiston
29%
The Cheat Sheet Sarah Adams
26%
Crave Tracy Wolff
14%
No matching quizzes found
Score Distribution
Percent of People with Each Score
Percentile by Number Answered
Your Score History
You have not taken this quiz